La familia y la seguridad social

Detalles Bibliográficos
Autor principal: Buenaga Ceballos, Óscar
Formato: eBook
Lenguaje:español
Publicado: [s.l.] : Dykinson, 2014
Materias:
Acceso en línea:Acceso restringido

MARC

LEADER 00000nam a22000007a 4500
005 2015012908308.0
007 cr|||| ||||
008 150129s2014 sp |||||s|||| 00||0 spa d
020 |a 978-84-9085-074-9 
035 |a 12578 
040 |a vLex 
090 |c 5335  |d 5335 
100 1 |a Buenaga Ceballos, Óscar 
245 1 3 |a La familia y la seguridad social  |h [Recurso electrn̤ico] /   |c Óscar Buenaga Ceballos 
256 |a Servicio en ln̕ea 
260 |a [s.l.] :  |b Dykinson,   |c 2014 
300 |a 1 recurso electrn̤ico 
506 1 |a Contenido solo disponible en los productos indicados  |d vLex Global  |d vLex Global (Academic Edition, excluding Law Schools)  |d vLex Global (U.S. Academic Edition, Law Schools)  |d vLex Global (U.S. Academic Edition, excluding Law Schools)  |d vLex Global (Academic Edition, Law Schools) 
650 0 4 |a Derecho de familia   |z Espaą 
650 0 4 |a Seguridad social  |z Espaą 
740 0 |a vLex Libros (Servicio en ln̕ea) 
856 4 0 |u http://vlex.com/source/familia-y-la-seguridad-social-12578  |z Acceso restringido 
942 |c BOOK 
999 0 |a Domestic relations 
999 0 |a Social security